000
00257nam a2200121Ia 4500
008
151213s9999 xx 000 0 und d
245
_a
Using 1 2 3
260
_b
Q U E
_c
1987
300
_a
3131 p.
650
_a
Computer
650
_a
Computer
999
_c
2156
_d
2156